Giáo trình chăn nuôi dê cừu
में बचाया:
| स्वरूप: | पुस्तक |
|---|---|
| भाषा: | Undetermined |
| प्रकाशित: |
Hà Nội
Trường Đại Học Nông Nghiệp I Hà Nội
1966
|
| विषय: | |
| टैग : |
टैग जोड़ें
कोई टैग नहीं, इस रिकॉर्ड को टैग करने वाले पहले व्यक्ति बनें!
|
| Thư viện lưu trữ: | Trung tâm Học liệu Trường Đại học Cần Thơ |
|---|
| LEADER | 00486nam a2200157Ia 4500 | ||
|---|---|---|---|
| 001 | CTU_14063 | ||
| 008 | 210402s9999 xx 000 0 und d | ||
| 082 | |a 636.3 | ||
| 082 | |b Gi108 | ||
| 245 | 0 | |a Giáo trình chăn nuôi dê cừu | |
| 260 | |a Hà Nội | ||
| 260 | |b Trường Đại Học Nông Nghiệp I Hà Nội | ||
| 260 | |c 1966 | ||
| 650 | |a goats - breeding,sheep breeds | ||
| 904 | |i Minh, 961221 | ||
| 980 | |a Trung tâm Học liệu Trường Đại học Cần Thơ | ||